Harry Potter Logic Puzzle #10 - Statistics

General Stats
  • This quiz has been taken 1,213 times
  • The average score is 7 of 15
Answer Stats
Item % Correct
Louis Weasley
99%
Edward Lupin
83%
Ariana Dumbledore
60%
Little Whinging
59%
Andromeda Tonks
52%
Elphias Doge
52%
Levicorpus
49%
Homenum Revelio
39%
Amycus Carrow
38%
Aguamenti
37%
Evan Rosier
35%
Eileen Prince
33%
Spinner's End
32%
Bob Ogden
16%
Brackium Emendo
15%
No matching quizzes found
Score Distribution
Percent of People with Each Score
Percentile by Number Answered
Your Score History
You have not taken this quiz